Daňové a účtovné súvislosti obstarania automobilu

Možné spôsoby obsatarania motorového vozidla na podnikanie - kúpa, finančný prenájom, obstaranie bezodplatne. Praktické príklady.

Guardado en:
Detalles Bibliográficos
Autor principal: Stanley, Renáta, 1981-
Formato: Capítulo de libro
Lenguaje:eslovaco
Materias:
Etiquetas: Agregar Etiqueta
Sin Etiquetas, Sea el primero en etiquetar este registro!

MARC

LEADER 00000naa a2200000 4500
001 0192152
005 20240502073225.7
041 0 |a slo 
044 |a SK 
245 1 0 |a Daňové a účtovné súvislosti obstarania automobilu  |c Renáta Stanley 
520 |a Možné spôsoby obsatarania motorového vozidla na podnikanie - kúpa, finančný prenájom, obstaranie bezodplatne. Praktické príklady. 
610 2 0 |a účtovníctvo 
610 2 0 |a ceny obstarávacie 
610 2 0 |a automobily 
610 2 0 |a dane z hodnoty pridanej 
610 2 0 |a majetok hmotný 
610 2 0 |a kúpa 
610 2 0 |a prenájom 
610 2 0 |a obstarávanie 
610 2 0 |a dary 
100 1 |a Stanley, Renáta, 1981-